[Event "POL-chT 2nd League"]
[Site "Jastrzebia Gora"]
[Date "2023.09.10"]
[Round "9.132"]
[White "Dziopa, Malgorzata"]
[Black "Filipska, Maja"]
[Result "0-1"]
[WhiteElo "1727"]
[BlackElo "1763"]
[PlyCount "62"]
[EventDate "2023.09.02"]
[EventType "team-swiss"]
[EventRounds "9"]
[EventCountry "POL"]
[SourceTitle "EXT 2024"]
[Source "ChessBase"]
[SourceDate "2023.10.10"]
[SourceVersion "1"]
[SourceVersionDate "2023.10.10"]
[SourceQuality "1"]
[WhiteTeam "Lubsko Caissa"]
[BlackTeam "Gdynia MDK"]
[WhiteTeamCountry "POL"]
[BlackTeamCountry "POL"]

1. d4 Nf6 2. c4 g6 3. Nc3 Bg7 4. Nf3 0-0 5. e4 d6 6. Be2 Nbd7 7. 0-0 e5 8. dxe5 dxe5 9. Qc2 c6 10. Rd1 Qc7 11. h3 Nh5 12. Rb1 Nc5 13. Be3 Ne6 14. Bf1 f5 15. exf5 gxf5 16. Ng5 Qe7 17. Nxe6 Bxe6 18. b4 Qh4 19. Qe2 f4 20. Bc5 f3 21. Qe4 Rf4 22. Qe3 fxg2 23. Bxg2 Rxc4 24. Ne2 Bf5 25. Rbc1 Rxc1 26. Nxc1 Nf4 27. Kh2 Nxg2 28. Kxg2 Be4+ 29. Kh2 Bh6 30. Rg1+ Bg6 31. Rg4 Bxe3 0-1

[Event "POL-chT 2nd League"]
[Site "Jastrzebia Gora"]
[Date "2023.09.08"]
[Round "7.108"]
[White "Kicinska, Magdalena"]
[Black "Filipska, Maja"]
[Result "1/2-1/2"]
[WhiteElo "1499"]
[BlackElo "1763"]
[PlyCount "57"]
[EventDate "2023.09.02"]
[EventType "team-swiss"]
[EventRounds "9"]
[EventCountry "POL"]
[SourceTitle "EXT 2024"]
[Source "ChessBase"]
[SourceDate "2023.10.10"]
[SourceVersion "1"]
[SourceVersionDate "2023.10.10"]
[SourceQuality "1"]
[WhiteTeam "Grodzisk Szachowa Dwojka"]
[BlackTeam "Gdynia MDK"]
[WhiteTeamCountry "POL"]
[BlackTeamCountry "POL"]

1. d4 Nf6 2. Nf3 g6 3. c4 Bg7 4. g3 0-0 5. Bg2 c6 6. 0-0 d5 7. cxd5 cxd5 8. Nc3 Nc6 9. h3 Ne4 10. Be3 Nxc3 11. bxc3 Na5 12. Qc1 Bf5 13. Nh4 Be6 14. Bh6 Rc8 15. Bxg7 Kxg7 16. f4 Qc7 17. f5 Qxg3 18. fxe6 Qxh4 19. exf7 Rxf7 20. Rxf7+ Kxf7 21. Bxd5+ e6 22. Bg2 Qg3 23. e3 Nc4 24. Qf1+ Kg7 25. Qf2 Qxe3 26. Bxb7 Qg5+ 27. Qg2 Qe3+ 28. Qf2 Qg5+ 29. Qg2 1/2-1/2

[Event "POL-chT 2nd League"]
[Site "Jastrzebia Gora"]
[Date "2023.09.07"]
[Round "6.102"]
[White "Filipska, Maja"]
[Black "Trybowska, Barbara"]
[Result "1-0"]
[WhiteElo "1763"]
[BlackElo "1836"]
[PlyCount "109"]
[EventDate "2023.09.02"]
[EventType "team-swiss"]
[EventRounds "9"]
[EventCountry "POL"]
[SourceTitle "EXT 2024"]
[Source "ChessBase"]
[SourceDate "2023.10.10"]
[SourceVersion "1"]
[SourceVersionDate "2023.10.10"]
[SourceQuality "1"]
[WhiteTeam "Gdynia MDK"]
[BlackTeam "Rzeszow Szachownica"]
[WhiteTeamCountry "POL"]
[BlackTeamCountry "POL"]

1. Nf3 d5 2. g3 Nf6 3. Bg2 e6 4. 0-0 c5 5. d3 Be7 6. Nbd2 0-0 7. Ne5 Nbd7 8. Nxd7 Bxd7 9. e4 Qc7 10. Qe2 dxe4 11. dxe4 e5 12. b3 Bg4 13. f3 Be6 14. c4 Nd7 15. Bb2 Rad8 16. f4 f6 17. f5 Bf7 18. Nb1 Nb8 19. Nc3 Nc6 20. Nd5 Qd7 21. g4 Nd4 22. Qf2 b5 23. cxb5 Bxd5 24. exd5 Qxb5 25. Bxd4 cxd4 26. Rac1 Rxd5 27. Bxd5+ Qxd5 28. Qc2 Ba3 29. Qc4 Qxc4 30. Rxc4 Rd8 31. Kf2 e4 32. Rd1 Bb2 33. Kg3 e3 34. Kf3 g6 35. Ke2 Rd7 36. Kd3 Kg7 37. Rb1 Bc3 38. Rc1 Kh6 39. fxg6 hxg6 40. h4 f5 41. gxf5 gxf5 42. Rc6+ Kh5 43. Rg1 f4 44. Rc8 Rh7 45. Rcg8 e2 46. Kxe2 d3+ 47. Kxd3 Bf6 48. Ke4 Bxh4 49. Rh1 Re7+ 50. Kxf4 Rf7+ 51. Ke5 Re7+ 52. Kd5 Rh7 53. Rg2 Rf7 54. Rgh2 Rf4 55. Rxh4+ 1-0

[Event "POL-chT 2nd League"]
[Site "Jastrzebia Gora"]
[Date "2023.09.05"]
[Round "4.102"]
[White "Szymura, Oliwia"]
[Black "Filipska, Maja"]
[Result "0-1"]
[WhiteElo "1176"]
[BlackElo "1763"]
[PlyCount "98"]
[EventDate "2023.09.02"]
[EventType "team-swiss"]
[EventRounds "9"]
[EventCountry "POL"]
[SourceTitle "EXT 2024"]
[Source "ChessBase"]
[SourceDate "2023.10.10"]
[SourceVersion "1"]
[SourceVersionDate "2023.10.10"]
[SourceQuality "1"]
[WhiteTeam "Marklowice Hetman"]
[BlackTeam "Gdynia MDK"]
[WhiteTeamCountry "POL"]
[BlackTeamCountry "POL"]

1. e4 c5 2. Nc3 Nc6 3. g3 g6 4. Bg2 Bg7 5. d3 Nf6 6. Be3 d6 7. h3 0-0 8. Qd2 Rb8 9. f4 Nd4 10. Nd1 e5 11. c3 exf4 12. gxf4 Nc6 13. Nf3 Nh5 14. 0-0 f5 15. Nf2 Qc7 16. Nh4 Qe7 17. Nf3 b5 18. Rfe1 Qc7 19. d4 fxe4 20. Nxe4 Bf5 21. Nf2 Rbd8 22. Ng4 b4 23. Qf2 bxc3 24. bxc3 Bxg4 25. hxg4 Nxf4 26. dxc5 Nxg2 27. cxd6 Qf7 28. Kxg2 Bxc3 29. Rec1 Bxa1 30. Rxc6 Qd7 31. Rc4 Rc8 32. Bc5 Rb8 33. Bb4 Qe6 34. Qf1 Rxf3 35. Kxf3 Rf8+ 36. Rf4 Rxf4+ 37. Kxf4 Qf6+ 38. Ke4 Qxf1 39. Kd5 Qb5+ 40. Ke6 Qxb4 41. d7 Qf8 42. a4 Qd8 43. a5 h5 44. Kd6 hxg4 45. Kc6 Be5 46. a6 g3 47. Kb7 Qxd7+ 48. Ka8 Qc8+ 49. Kxa7 Bd4# 0-1

[Event "POL-chT 2nd League"]
[Site "Sypniewo"]
[Date "2021.09.10"]
[Round "7.4"]
[White "Filipska, Maja"]
[Black "Kindler, Karolina"]
[Result "1-0"]
[WhiteElo "1886"]
[BlackElo "1805"]
[PlyCount "59"]
[EventDate "2021.09.04"]
[EventType "team-swiss"]
[EventRounds "9"]
[EventCountry "POL"]
[SourceTitle "CBM 204 Extra"]
[Source "ChessBase"]
[SourceDate "2021.11.30"]
[SourceVersion "1"]
[SourceVersionDate "2021.11.30"]
[SourceQuality "1"]
[WhiteTeam "Zakrzewo Korona"]
[BlackTeam "Bydgoszcz Hetman"]
[WhiteTeamCountry "POL"]
[BlackTeamCountry "POL"]

1. e4 c5 2. Nf3 d6 3. d4 cxd4 4. Nxd4 Nf6 5. Nc3 g6 6. Be3 Bg7 7. f3 0-0 8. Bc4 Nc6 9. Qd2 Bd7 10. 0-0-0 Rc8 11. Bb3 Ne5 12. h4 h5 13. Bh6 Nc4 14. Bxc4 Rxc4 15. Bxg7 Kxg7 16. g4 b5 17. gxh5 Nxh5 18. Rdg1 b4 19. Nce2 Qa5 20. Kb1 Rfc8 21. Rg5 e5 22. Rxh5 gxh5 23. Rg1+ Kf8 24. Qh6+ Ke7 25. Qg5+ Kf8 26. Qf6 Qc7 27. Rg7 Bf5 28. Nxf5 Rxc2 29. Rg8+ Kxg8 30. Qg7# 1-0

[Event "POL-chT U20 2nd League"]
[Site "Sypniewo"]
[Date "2020.??.??"]
[Round "5.17"]
[White "Filipska, Maja"]
[Black "Niemier, Martyna"]
[Result "1-0"]
[WhiteElo "1849"]
[BlackElo "1235"]
[PlyCount "61"]
[EventDate "2020.10.23"]
[EventType "team-swiss"]
[EventRounds "9"]
[EventCountry "POL"]
[SourceTitle "CBM 199 Extra"]
[Source "ChessBase"]
[SourceDate "2021.01.31"]
[SourceVersion "1"]
[SourceVersionDate "2021.01.31"]
[SourceQuality "1"]

1. e4 c5 2. Nf3 Nc6 3. d4 cxd4 4. Nxd4 e5 5. Nb5 a6 6. Nd6+ Bxd6 7. Qxd6 Qe7 8. Qd3 Nf6 9. Nc3 d5 10. Nxd5 Nxd5 11. exd5 Nb4 12. Qe4 f5 13. Qc4 b5 14. Qb3 Qc5 15. c4 bxc4 16. Bxc4 a5 17. Be3 Qd6 18. a3 Na6 19. 0-0 0-0 20. f3 Kh8 21. Rac1 f4 22. Bf2 Qg6 23. Rfd1 Bh3 24. Bf1 Rab8 25. Qd3 Rf6 26. Qxg6 Rxg6 27. d6 Rd8 28. d7 Bxd7 29. Rxd7 Rxd7 30. Rc8+ Rd8 31. Rxd8# 1-0

[Event "Rubinstein Memorial-C 55th"]
[Site "Polanica Zdroj"]
[Date "2019.08.25"]
[Round "9"]
[White "Musial, Igor"]
[Black "Filipska, Maja"]
[Result "0-1"]
[WhiteElo "1717"]
[BlackElo "1605"]
[PlyCount "126"]
[EventDate "2019.08.17"]
[EventType "swiss"]
[EventRounds "9"]
[EventCountry "POL"]
[SourceTitle "EXT 2020"]
[Source "ChessBase"]
[SourceDate "2019.10.17"]
[SourceVersion "1"]
[SourceVersionDate "2019.10.17"]
[SourceQuality "1"]

1. e4 d5 2. exd5 Nf6 3. d4 Nxd5 4. Nf3 Bg4 5. c4 Nb6 6. c5 N6d7 7. Bc4 e6 8. Qb3 Nc6 9. Nbd2 Rb8 10. Bb5 Bxf3 11. Nxf3 Ne7 12. 0-0 c6 13. Bc4 Ng6 14. Bg5 Be7 15. Qe3 0-0 16. Bxe7 Qxe7 17. Rfe1 h6 18. Nd2 Nf6 19. Ne4 Nxe4 20. Qxe4 Qf6 21. Rad1 Rfd8 22. Qg4 Ne7 23. Qg3 Rbc8 24. Qe5 Nd5 25. Qxf6 Nxf6 26. g3 Rd7 27. Rd3 Rcd8 28. Red1 Nd5 29. a3 Ne7 30. g4 Ng6 31. f3 Nf4 32. R3d2 e5 33. Kf2 Rxd4 34. Rxd4 Rxd4 35. Rxd4 exd4 36. b4 Kf8 37. h4 g5 38. hxg5 hxg5 39. a4 a6 40. b5 cxb5 41. axb5 axb5 42. Bxb5 Ne6 43. c6 bxc6 44. Bxc6 Nf4 45. Be4 Ke7 46. Ke1 Kd6 47. Kd2 Ke5 48. Ba8 Ne6 49. Kd3 Nc5+ 50. Kd2 Kf4 51. Bd5 f6 52. Ba8 Nd7 53. Ke2 Kg3 54. Kd3 Ne5+ 55. Kxd4 Nxf3+ 56. Ke3 Nh4 57. Ke2 Kxg4 58. Kf2 f5 59. Bb7 Kh3 60. Kg1 g4 61. Bc6 g3 62. Bb7 g2 63. Bc6 Kg3 0-1

[Event "Rubinstein Memorial-C 54th"]
[Site "Polanica Zdroj"]
[Date "2018.08.19"]
[Round "2"]
[White "Filipska, Maja"]
[Black "Pyka, Roman"]
[Result "1-0"]
[WhiteElo "1616"]
[BlackElo "1946"]
[PlyCount "129"]
[EventDate "2018.08.18"]
[EventType "swiss"]
[EventRounds "9"]
[EventCountry "POL"]
[SourceTitle "EXT 2020"]
[Source "ChessBase"]
[SourceDate "2019.10.17"]
[SourceVersion "1"]
[SourceVersionDate "2019.10.17"]
[SourceQuality "1"]

1. e4 c6 2. d4 g6 3. Bf4 Bg7 4. c3 d5 5. exd5 cxd5 6. Bd3 Nc6 7. Nf3 Bg4 8. Nbd2 Nf6 9. 0-0 0-0 10. h3 Bxf3 11. Nxf3 e6 12. Qd2 Re8 13. Rfe1 Rc8 14. Qe3 Na5 15. Ne5 Nc4 16. Bxc4 dxc4 17. Bg5 Qd5 18. Qf4 Qd8 19. Qh4 h6 20. Bxh6 Nh7 21. Qf4 Qf6 22. Qxf6 Bxf6 23. Ng4 Bg7 24. Bxg7 Kxg7 25. Re3 f6 26. Rae1 Kf7 27. Nh2 b5 28. a3 a5 29. Nf3 Nf8 30. Nd2 Red8 31. Ne4 Rc6 32. g4 Rb8 33. g5 f5 34. Nf6 Rb7 35. Re5 Rd6 36. Rc5 Nd7 37. Nxd7 Rdxd7 38. Ree5 b4 39. axb4 axb4 40. Rxc4 Rd6 41. Rc8 Ra6 42. c4 Rd6 43. d5 exd5 44. Rxd5 Rxd5 45. cxd5 Rb5 46. Rc7+ Kf8 47. d6 Rd5 48. Rb7 Rd4 49. Kg2 Ke8 50. d7+ Ke7 51. Kf3 Rd3+ 52. Ke2 Rb3 53. Rb6 Rxb2+ 54. Ke3 Rb3+ 55. Kd2 Rxh3 56. Rxb4 Kxd7 57. Rb6 Rh2 58. Ke3 Rg2 59. Rxg6 Ke7 60. f4 Rg3+ 61. Kf2 Ra3 62. Rf6 Ra5 63. Kg3 Rb5 64. Kh4 Rd5 65. Kh5 1-0

[Event "Rubinstein Memorial-C 53rd"]
[Site "Polanica Zdroj"]
[Date "2017.08.21"]
[Round "2"]
[White "Darowicki, Mariusz"]
[Black "Filipska, Maja"]
[Result "1-0"]
[WhiteElo "1942"]
[BlackElo "1583"]
[PlyCount "91"]
[EventDate "2017.08.19"]
[EventType "swiss"]
[EventRounds "9"]
[EventCountry "POL"]
[SourceTitle "CBM 180 Extra"]
[Source "ChessBase"]
[SourceDate "2017.10.06"]
[SourceVersion "1"]
[SourceVersionDate "2017.10.06"]
[SourceQuality "1"]

1. Nf3 d6 2. d4 g6 3. e4 Bg7 4. Bd3 Nf6 5. 0-0 0-0 6. h3 Nbd7 7. e5 Ne8 8. Qe2 Nb6 9. Nc3 c6 10. Re1 Nc7 11. Bd2 Ne6 12. Be3 Qc7 13. Rad1 d5 14. a4 a5 15. Rb1 c5 16. dxc5 Nxc5 17. Nb5 Qc6 18. Nfd4 Qd7 19. b3 Nxd3 20. cxd3 Qd8 21. Bd2 Bd7 22. Rbc1 Bxb5 23. Nxb5 Nc8 24. d4 Na7 25. Nxa7 Rxa7 26. Qb5 Ra6 27. Qxb7 Rb6 28. Qa7 Rxb3 29. Bxa5 Qa8 30. Rc7 Qxa7 31. Rxa7 e6 32. Bc7 Rc8 33. a5 Bh6 34. Ra1 Bd2 35. a6 Bc3 36. Ra4 Rb1+ 37. Kh2 Rd1 38. Bb6 Be1 39. Rc7 Ra8 40. Rc2 Rb1 41. Bc5 Rb5 42. a7 Ba5 43. Raa2 Bc7 44. Rab2 Ra5 45. Rb7 Rc8 46. Bd6 1-0

[Event "POL-chT U20 2nd League"]
[Site "Szczyrk"]
[Date "2017.07.28"]
[Round "9.50"]
[White "Radoch, Filip"]
[Black "Filipska, Maja"]
[Result "0-1"]
[WhiteElo "1080"]
[BlackElo "1583"]
[PlyCount "90"]
[EventDate "2017.07.22"]
[EventType "team-swiss"]
[EventRounds "11"]
[EventCountry "POL"]
[SourceTitle "EXT 2019"]
[Source "ChessBase"]
[SourceDate "2018.10.10"]
[SourceVersion "1"]
[SourceVersionDate "2018.10.10"]
[SourceQuality "1"]

1. c4 e5 2. g3 Nf6 3. Bg2 d5 4. cxd5 Nxd5 5. Nc3 Be6 6. Nf3 Nc6 7. 0-0 Nb6 8. a3 f6 9. d3 Qd7 10. Re1 0-0-0 11. Be3 g5 12. b4 h5 13. Qc1 h4 14. Ne4 Be7 15. Nc5 Bxc5 16. Bxc5 hxg3 17. fxg3 Bg4 18. b5 Nd4 19. Bxd4 exd4 20. a4 Qh7 21. a5 Nd5 22. Qc5 Ne3 23. Kf2 Nxg2 24. Rh1 Bxf3 25. Kxf3 Ne3 26. b6 a6 27. Rac1 c6 28. Kf2 Qf5+ 29. Qxf5+ Nxf5 30. Rc5 Ne3 31. Ke1 Rd5 32. Rxd5 Nxd5 33. Kd2 Kd7 34. h4 gxh4 35. gxh4 Kd6 36. Kc2 Kc5 37. Kb3 Kb5 38. h5 Kxa5 39. Kc4 Kxb6 40. Kxd4 Nf4 41. h6 Nxe2+ 42. Ke3 Ng3 43. Rh3 Nf5+ 44. Kf4 Rxh6 45. Rxh6 Nxh6 0-1

[Event "POL-chT U20 2nd League"]
[Site "Szczyrk"]
[Date "2017.07.22"]
[Round "1.21"]
[White "Ochedzan, Tymon"]
[Black "Filipska, Maja"]
[Result "1-0"]
[WhiteElo "1680"]
[BlackElo "1583"]
[PlyCount "49"]
[EventDate "2017.07.22"]
[EventType "team-swiss"]
[EventRounds "11"]
[EventCountry "POL"]
[SourceTitle "EXT 2019"]
[Source "ChessBase"]
[SourceDate "2018.10.10"]
[SourceVersion "1"]
[SourceVersionDate "2018.10.10"]
[SourceQuality "1"]

1. e4 d6 2. d4 g6 3. Nc3 Bg7 4. Be3 Nf6 5. f3 0-0 6. Qd2 e5 7. 0-0-0 exd4 8. Bxd4 Nc6 9. Be3 h5 10. h3 Qe7 11. g4 Qe5 12. Nge2 a6 13. Nd4 Nxd4 14. Bxd4 Qa5 15. Qf4 Nh7 16. Bxg7 Kxg7 17. Rd5 b5 18. gxh5 Be6 19. Rg5 Nxg5 20. Qxg5 Bxa2 21. f4 Be6 22. f5 Bxf5 23. exf5 Rae8 24. f6+ Kh7 25. Bd3 1-0

[Event "POL Olympiad U14 Girls"]
[Site "Drzonkow"]
[Date "2017.04.03"]
[Round "3"]
[White "Filipska, Maja"]
[Black "Chomicka, Kinga"]
[Result "0-1"]
[WhiteElo "1508"]
[BlackElo "1254"]
[PlyCount "100"]
[EventDate "2017.04.02"]
[EventType "swiss"]
[EventRounds "9"]
[EventCountry "POL"]
[SourceTitle "EXT 2020"]
[Source "ChessBase"]
[SourceDate "2019.10.17"]
[SourceVersion "1"]
[SourceVersionDate "2019.10.17"]
[SourceQuality "1"]

1. e4 e5 2. d4 exd4 3. Bc4 Nf6 4. Nf3 Bb4+ 5. c3 dxc3 6. bxc3 Ba5 7. e5 d5 8. exf6 dxc4 9. Qxd8+ Kxd8 10. fxg7 Rg8 11. Bh6 Bf5 12. 0-0 Nd7 13. Rd1 Kc8 14. Rd5 Bxb1 15. Rxb1 b6 16. Rbd1 Nf6 17. Rf5 Bxc3 18. Bg5 Ne4 19. Rxf7 Rxg7 20. Rxg7 Bxg7 21. Bf4 Nc3 22. Rd2 Kb7 23. Kf1 Kc6 24. Ng5 Nd5 25. Ne6 c3 26. Rxd5 Kxd5 27. Nxg7 Ke4 28. g3 Kd3 29. Ke1 Kc2 30. Nf5 Kb2 31. Ne3 c2 32. Nc4+ Kc3 33. Na3 Kb2 34. Nc4+ Kc3 35. Na3 Re8+ 36. Kf1 c6 37. f3 b5 38. Bg5 Kb2 39. Nxc2 Kxc2 40. f4 c5 41. f5 b4 42. Bh6 c4 43. f6 Re6 44. Bg7 Rd6 45. f7 Rd8 46. f8Q Rxf8+ 47. Bxf8 b3 48. axb3 cxb3 49. Ba3 b2 50. Bxb2 Kxb2 0-1

[Event "POL-chT U19 2nd League"]
[Site "Iwonicz"]
[Date "2016.07.31"]
[Round "10.59"]
[White "Filipska, Maja"]
[Black "Fajt, Patrycja"]
[Result "1-0"]
[WhiteElo "1406"]
[BlackElo "1069"]
[PlyCount "67"]
[EventDate "2016.07.23"]
[EventType "team-swiss"]
[EventRounds "11"]
[EventCountry "POL"]
[SourceTitle "EXT 2019"]
[Source "ChessBase"]
[SourceDate "2018.10.10"]
[SourceVersion "1"]
[SourceVersionDate "2018.10.10"]
[SourceQuality "1"]
[WhiteTeam "Gdynia MDK U19"]
[BlackTeam "Radkow Giecek U19"]
[WhiteTeamCountry "POL"]
[BlackTeamCountry "POL"]

1. e4 d5 2. exd5 Qxd5 3. Nc3 Qa5 4. Bc4 c6 5. Nf3 Nf6 6. 0-0 Bf5 7. d3 e6 8. Bg5 Nbd7 9. a3 Bd6 10. Re1 0-0 11. Ne4 Bxe4 12. dxe4 Be5 13. b4 Qc7 14. Nxe5 Qxe5 15. f4 Qc7 16. e5 Nd5 17. Qh5 Qb6+ 18. Kh1 f5 19. exf6 N7xf6 20. Qh3 Qc7 21. Qxe6+ Qf7 22. Bxf6 gxf6 23. Bxd5 cxd5 24. Qf5 Rae8 25. h3 h5 26. Rad1 Rxe1+ 27. Rxe1 Rd8 28. Re6 Kg7 29. Re3 Kh8 30. Qd3 Rg8 31. Qe2 d4 32. Re7 Qd5 33. Qe4 Qb5 34. Rh7# 1-0

[Event "POL-chT U19 2nd League"]
[Site "Iwonicz"]
[Date "2016.07.31"]
[Round "6.77"]
[White "Luka, Agnieszka"]
[Black "Filipska, Maja"]
[Result "0-1"]
[WhiteElo "1307"]
[BlackElo "1406"]
[PlyCount "38"]
[EventDate "2016.07.23"]
[EventType "team-swiss"]
[EventRounds "11"]
[EventCountry "POL"]
[SourceTitle "EXT 2019"]
[Source "ChessBase"]
[SourceDate "2018.10.10"]
[SourceVersion "1"]
[SourceVersionDate "2018.10.10"]
[SourceQuality "1"]
[WhiteTeam "Rzeszow RzKSz U19"]
[BlackTeam "Gdynia MDK U19"]
[WhiteTeamCountry "POL"]
[BlackTeamCountry "POL"]

1. d4 d6 2. c4 Nd7 3. e4 e5 4. d5 g6 5. Nc3 Bg7 6. Bd3 Ne7 7. Nge2 0-0 8. 0-0 a5 9. Be3 f5 10. f4 fxe4 11. Bxe4 Nf5 12. Bd2 Qe7 13. a3 Nc5 14. Qc2 exf4 15. Bxf4 Nd4 16. Qd1 Nxe2+ 17. Qxe2 Bxc3 18. bxc3 Qxe4 19. Qxe4 Nxe4 0-1

[Event "POL-ch U12 Girls"]
[Site "Suwalki"]
[Date "2015.04.11"]
[Round "6.10"]
[White "Filipska, Maja"]
[Black "Libura, Julianna"]
[Result "1/2-1/2"]
[WhiteElo "1245"]
[BlackElo "1141"]
[PlyCount "86"]
[EventDate "2015.04.08"]
[EventType "swiss"]
[EventRounds "9"]
[EventCountry "POL"]
[SourceTitle "EXT 2023"]
[Source "ChessBase"]
[SourceDate "2022.10.05"]
[SourceVersion "1"]
[SourceVersionDate "2022.10.05"]
[SourceQuality "1"]

1. e4 c5 2. Nf3 a6 3. c4 d6 4. Nc3 Bg4 5. Be2 Bxf3 6. Bxf3 Nc6 7. 0-0 e6 8. d3 Nf6 9. Be3 Be7 10. Ne2 d5 11. exd5 exd5 12. Bg5 Ne5 13. Ng3 dxc4 14. dxc4 Qxd1 15. Rfxd1 Nxf3+ 16. gxf3 0-0 17. Ne4 Rac8 18. Nxf6+ gxf6 19. Bh6 Rfd8 20. Re1 Bf8 21. Bxf8 Kxf8 22. Rad1 b5 23. cxb5 axb5 24. Kg2 b4 25. Rxd8+ Rxd8 26. Re2 c4 27. Rc2 Rc8 28. Kg3 Ke7 29. Kf4 Kd6 30. Kf5 c3 31. bxc3 Rxc3 32. Rd2+ Kc7 33. Kf4 b3 34. axb3 Rxb3 35. Re2 Kd7 36. Re3 Rb6 37. Re2 Rd6 38. Kg4 Rd5 39. Kh4 Re5 40. Re4 Ke6 41. Kg3 Rxe4 42. fxe4 Ke5 43. f3 f5 1/2-1/2

[Event "POL Olympiad U12 Girls"]
[Site "Spala"]
[Date "2014.12.30"]
[Round "1.7"]
[White "Filipska, Maja"]
[Black "Waszczuk, Patrycja"]
[Result "0-1"]
[WhiteElo "1241"]
[BlackElo "1474"]
[PlyCount "98"]
[EventDate "2014.04.06"]
[EventType "swiss"]
[EventRounds "9"]
[EventCountry "POL"]
[SourceTitle "EXT 2023"]
[Source "ChessBase"]
[SourceDate "2022.10.05"]
[SourceVersion "1"]
[SourceVersionDate "2022.10.05"]
[SourceQuality "1"]

1. e4 c5 2. Nc3 e6 3. g3 Nc6 4. Bg2 g6 5. Nf3 Bg7 6. 0-0 Nge7 7. d3 d6 8. Be3 Nd4 9. Bxd4 cxd4 10. Ne2 Qb6 11. Rb1 Nc6 12. c3 dxc3 13. Nxc3 0-0 14. Qc2 Bd7 15. Rfd1 Rac8 16. Qd2 Nd4 17. Nxd4 Bxd4 18. Rdc1 f5 19. exf5 Rxf5 20. Rf1 Rcf8 21. Nd1 Bb5 22. Ne3 Rxf2 23. Rxf2 Bxe3 24. Qc3 Bxf2+ 25. Kh1 Bd4 26. Qe1 d5 27. Bh3 Bd7 28. b3 Rf2 29. a4 Qd6 30. Rd1 e5 31. Bxd7 Qxd7 32. Rd2 Rxd2 33. Qxd2 Qf5 34. Qg2 e4 35. dxe4 Qxe4 36. Qxe4 dxe4 37. Kg2 Kf7 38. Kf1 Ke6 39. Ke2 Kd5 40. Kd2 Bc5 41. Ke2 Kd4 42. Kd2 Bb4+ 43. Ke2 e3 44. Kd1 Kd3 45. Kc1 e2 46. Kb2 e1Q 47. Ka2 Qd2+ 48. Kb1 Qc2+ 49. Ka1 Bc3# 0-1

[Event "POL Olympiad U12 Girls"]
[Site "Spala"]
[Date "2014.12.30"]
[Round "6.17"]
[White "Michalska, Aleksandra"]
[Black "Filipska, Maja"]
[Result "1-0"]
[WhiteElo "1266"]
[BlackElo "1241"]
[PlyCount "79"]
[EventDate "2014.04.06"]
[EventType "swiss"]
[EventRounds "9"]
[EventCountry "POL"]
[SourceTitle "EXT 2023"]
[Source "ChessBase"]
[SourceDate "2022.10.05"]
[SourceVersion "1"]
[SourceVersionDate "2022.10.05"]
[SourceQuality "1"]

1. e4 c6 2. d4 d5 3. exd5 cxd5 4. Nf3 Bf5 5. Bf4 Nc6 6. c3 Nf6 7. Nbd2 e6 8. Bb5 Bd6 9. Bxd6 Qxd6 10. Ne5 0-0 11. Bxc6 bxc6 12. Ndf3 Rab8 13. b3 c5 14. 0-0 cxd4 15. Qxd4 Qb6 16. Qxb6 Rxb6 17. c4 Rc8 18. cxd5 exd5 19. Rac1 Rbb8 20. Nc6 Rb7 21. Nfd4 Kf8 22. Nxf5 Rbc7 23. Nfd4 Ng8 24. b4 a6 25. a4 Ne7 26. b5 axb5 27. axb5 Nxc6 28. Rxc6 Rxc6 29. Nxc6 Rc7 30. h3 Rb7 31. Rb1 Ke8 32. b6 Kd7 33. Na5 Rb8 34. b7 Kc7 35. Kf1 Re8 36. Rc1+ Kb6 37. Rc8 Rxc8 38. bxc8Q Kxa5 39. Qc5+ Ka6 40. Qxd5 1-0

[Event "POL-chT U19 2nd League"]
[Site "Szczyrk"]
[Date "2014.07.31"]
[Round "9.126"]
[White "Filipska, Maja"]
[Black "Kaczmarska, Joanna"]
[Result "0-1"]
[WhiteElo "1173"]
[BlackElo "1717"]
[PlyCount "138"]
[EventDate "2014.07.25"]
[EventType "team-swiss"]
[EventRounds "11"]
[EventCountry "POL"]
[SourceTitle "EXT 2015"]
[Source "ChessBase"]
[SourceDate "2014.11.20"]
[SourceVersion "1"]
[SourceVersionDate "2014.11.20"]
[SourceQuality "1"]
[WhiteTeam "Gdynia MDK U19"]
[BlackTeam "Zielonka Zieloni U19"]
[WhiteTeamCountry "POL"]
[BlackTeamCountry "POL"]

1. e4 e5 2. Nf3 Nc6 3. Bc4 Nf6 4. d3 Be7 5. 0-0 0-0 6. c3 d6 7. Nbd2 Bg4 8. h3 Bh5 9. Re1 Qd7 10. Bb5 a6 11. Ba4 b5 12. Bc2 Kh8 13. Nf1 Ne8 14. Ng3 Bg6 15. d4 f6 16. d5 Na5 17. Bd3 Bf7 18. Nf5 g6 19. Ng3 Nb7 20. b4 Ng7 21. Bh6 c6 22. c4 c5 23. a3 bxc4 24. Bxc4 f5 25. bxc5 Nxc5 26. Rb1 f4 27. Nf1 Rfb8 28. Bxg7+ Kxg7 29. Qc2 Qc7 30. N1d2 g5 31. g3 Qd7 32. Kg2 g4 33. hxg4 fxg3 34. Kxg3 Rg8 35. Nh2 h5 36. f3 Kf8 37. Rg1 Bg5 38. Kf2 Bf4 39. Ndf1 h4 40. Rb2 Qa7 41. Kg2 Ke7 42. Qb1 Rab8 43. Qc2 Rxb2 44. Qxb2 Rb8 45. Qc2 Qb6 46. Nd2 Qb2 47. Qxb2 Rxb2 48. Nhf1 Bxd2 49. Nxd2 Rxd2+ 50. Kh3 Rf2 51. Rf1 Rxf1 52. Bxf1 Kf6 53. Kxh4 Be8 54. g5+ Kg6 55. Bh3 Bd7 56. Bxd7 Nxd7 57. Kg4 Nb6 58. f4 exf4 59. Kxf4 Nc4 60. a4 Ne5 61. Ke3 Kxg5 62. Kd4 Kf4 63. Kc3 Kxe4 64. Kb4 Kxd5 65. Ka5 Kc5 66. Kxa6 Nc4 67. a5 d5 68. Kb7 Nxa5+ 69. Ka6 d4 0-1